00297 a2200109 4500245003800000650001200038005001700050260003500067084001400102300004800116500002300164 aBritannia Waives the Ruleshprint aHistory20191021095514.0 asabNasionale Boekhandelc1963 aDT32 .C84 a112 p. 22 cm.b112 p. 22 cm.c112 p. 22 cm. a[by] A.T. Culwick.